Osobná energetická kríza

Syndróm vyhorenia. Stres a jeho dôsledok na našu imunitu. Kríza ako výzva na zmenu. Význam duševnej hygieny.

Na minha lista:
Detalhes bibliográficos
Autor principal: Kopčíková, Mária
Formato: Capítulo de Livro
Idioma:eslovaco
Assuntos:
Tags: Adicionar Tag
Sem tags, seja o primeiro a adicionar uma tag!

MARC

LEADER 00000naa a2200000 4500
001 0163792
005 20231120133838.3
041 0 |a slo 
044 |a SK 
245 1 0 |a Osobná energetická kríza  |c Mária Kopčíková 
520 |a Syndróm vyhorenia. Stres a jeho dôsledok na našu imunitu. Kríza ako výzva na zmenu. Význam duševnej hygieny. 
610 2 0 |a podnik 
610 2 0 |a pracovisko 
610 2 0 |a výkony pracovné 
610 2 0 |a stresy 
610 2 0 |a vzťahy pracovné 
610 2 0 |a vzťahy medziľudské 
610 2 0 |a hygiena duševná 
100 1 |a Kopčíková, Mária